| 000 | 00589nam a2200229Ia 4500 | ||
|---|---|---|---|
| 003 | OSt | ||
| 005 | 20221007101830.0 | ||
| 006 | a|||||r|||| 00| 0 | ||
| 007 | ta | ||
| 008 | 221006b |||||||| |||| 00| 0 eng d | ||
| 024 | _a8,241 | ||
| 037 | _cTextual | ||
| 040 |
_aLCO _cLCO _beng |
||
| 041 |
_2eng _aeng |
||
| 082 | _aZm2,N75, L5 | ||
| 245 | 0 | _aREPORT OF THE Commission for SC & ST,1974-75 | |
| 260 |
_aDelhi _bManager of Pub. _c1975 |
||
| 300 | _a271 | ||
| 650 |
_aCOMMISSION REPORTS _9703824 |
||
| 942 |
_hZm2,N75, L5 _cTEXL |
||
| 999 |
_c1177804 _d1177804 |
||